| 000 | 00539nam a2200193Ia 4500 | ||
|---|---|---|---|
| 003 | OSt | ||
| 005 | 20250308114641.0 | ||
| 008 | 210210b1971 xxu||||| |||| 00| 0 eng d | ||
| 040 | _cAL | ||
| 041 | _aKannada | ||
| 082 | _aK894.3 JAGT | ||
| 100 |
_aJAGADISH (G B). _dಜಗದೀಶ್ (ಜಿ ಬಿ) _9205166 |
||
| 245 |
_aTayiyillada tavaru. _bತಾಯಿಯಿಲ್ಲದ ತವರು |
||
| 260 |
_aBengaluru _bShanti Prakashana _c1971 |
||
| 300 | _a206 | ||
| 690 |
_aKannada Fiction _9205167 |
||
| 906 | _a028650 | ||
| 942 |
_2ddc _cBK |
||
| 999 |
_c79889 _d79889 |
||